Các chính sách mới về lao động và những hướng dẫn thực hiện chế độ tiền lương hiện hành

Đã lưu trong:
Bibliografiske detaljer
Hovedforfatter: Huỳnh Quốc Thịnh
Format: Bog
Sprog:Undetermined
Udgivet: Tp. HCM Thống Kê 2003
Fag:
Tags: Tilføj Tag
Ingen Tags, Vær først til at tagge denne postø!
Thư viện lưu trữ: Trung tâm Học liệu Trường Đại học Cần Thơ
LEADER 00647nam a2200193Ia 4500
001 CTU_87285
008 210402s9999 xx 000 0 und d
020 |c 210000 
082 |a 344.59701 
082 |b Th312 
100 |a Huỳnh Quốc Thịnh 
245 0 |a Các chính sách mới về lao động và những hướng dẫn thực hiện chế độ tiền lương hiện hành 
245 0 |c Huỳnh Quốc Thịnh 
260 |a Tp. HCM 
260 |b Thống Kê 
260 |c 2003 
650 |a labor law and legislations 
904 |i Minh 
980 |a Trung tâm Học liệu Trường Đại học Cần Thơ